|
|
|
|
| LEADER |
00000ccm a2200000 a 4500 |
| 001 |
vtls009927491 |
| 003 |
SK-MaSNL |
| 005 |
20260301212319.0 |
| 008 |
251104s1975 xo prg fr z 0 slo |
| 035 |
|
|
|a (SVKBBclas03)vtls000207172
|
| 040 |
|
|
|a SNK
|b slo
|c SNK
|e AACR2
|
| 041 |
0 |
|
|a slo
|
| 044 |
|
|
|a xo
|c SK
|
| 048 |
|
|
|a sa01
|
| 080 |
|
|
|a 787.1.083.22
|2 1981
|
| 100 |
1 |
|
|a Campagnoli, Bartolommeo,
|d 1751-1827
|4 aut
|9 597644
|
| 245 |
1 |
0 |
|a 30 prelúdií, op. 12, violino
|c Bartolommeo Campagnoli ; revid. Viliam Kořínek
|
| 246 |
1 |
3 |
|a Tridsať prelúdií, op. 12, violino
|
| 250 |
|
|
|a 1. vyd.
|
| 260 |
|
|
|a Bratislava
|b Opus
|c 1975
|
| 300 |
|
|
|a 35 s.
|
| 650 |
0 |
7 |
|a skladby pre husle
|2 SNKPH
|9 597645
|
| 650 |
0 |
7 |
|a prelúdiá
|2 SNKPH
|9 20890
|
| 700 |
1 |
|
|a Kořínek, Viliam,
|d 1915-2006
|4 rev
|9 238842
|
| 958 |
|
|
|a OND
|
| 999 |
|
|
|c 917830
|d 919760
|
| 952 |
|
|
|a SNK
|b SNK
|y VYP
|7 0
|p 17A0626903
|o snkHSB 1507 D1
|i snkF 2162/81
|8 5
|3 rekatalogizácia
|0 0
|1 0
|4 0
|d 2009-08-18
|l 0
|r 2026-02-24 08:05:57
|w 2026-02-24
|